000 00250nam a22000977a 4500
008 160506b xxu||||| |||| 00| 0 eng d
041 _aeng
080 _a61
245 _aUrgjenca mjekesore:
_cMujë Shala; Basri Lenjani; Tefik Bekteshi;
942 _2udc
_cBK
999 _c1844
_d1844